|
|
|
|
| LEADER |
00799nam a2200205 a 4500 |
| 001 |
c000211476 |
| 003 |
CARM |
| 005 |
20021125002300.0 |
| 008 |
890929s1942 ii 00000 eng d |
| 019 |
1 |
|
|a 6173117
|5 LACONCORD2021
|
| 035 |
|
|
|a (OCoLC)49684428
|5 LACONCORD2021
|
| 040 |
|
|
|a NUN
|c NUN
|
| 100 |
1 |
|
|a Wales, Nym,
|d 1907-
|
| 245 |
1 |
0 |
|a China builds for democracy :
|b a story of cooperative industry /
|c by Nym Wales ; with a foreword by Jawaharlal Nehru.
|
| 260 |
|
|
|a Allahabad [India] :
|b Kitabistan,
|c 1942.
|
| 300 |
|
|
|a 311 p.
|
| 650 |
|
0 |
|a Cooperation
|z China.
|
| 852 |
8 |
|
|b CARM
|h A2:AP11A0
|i B06634
|p 0305606
|f BK
|
| 999 |
f |
f |
|i 5a845997-1973-51e3-b12c-df931980c462
|s b890ddc0-74e5-5288-ad17-4a914a4c05cb
|
| 952 |
f |
f |
|p Can circulate
|a CAVAL
|b CAVAL
|c CAVAL
|d CARM 1 Store
|e B06634
|f A2:AP11A0
|h Other scheme
|i book
|m 0305606
|